000 00746nam a2200193Ia 4500
003 GCL
008 140319s9999 xx 000 0 ara d
040 _aGCL /
_cGCL
082 0 4 _a816.05
_bف م
100 1 _aفخرية حمد الغزلانى
245 1 0 _aالمراسلات الرومانسية فى المودة والصداقة والتعارف /
_cفخرية حمد الغزلانى
260 _aبيروت :
_bدار الراتب الجامعية
300 _a221 ص ؛
_c24 سم
490 _aالكنز المكنون فى اصول كتابة الرسائل
_v0
650 0 4 _aالرسائل العربية العاطفية
650 0 4 _aكتابة الرسائل
650 0 4 _aالرسائل - مجموعات
942 _2ddc
_cBK
999 _c51779
_d51779